Quizzes
Events
Quiz Creation
Community
Videos
Private Events
Remove Ads
Sign In
Join for FREE
Feedback
Dark Mode
Quiz Categories
Sports
Geography
Music
Movies
Television
Just For Fun
Miscellaneous
History
Literature
Language
Science
Gaming
Entertainment
Religion
Holiday
For Kids
Quiz Lab
Recent
Popular Today
Quiz Kudos Today
Editor Picks
Curator Picks
Quizzes by...
Day
Popularity
Type
Ratings
Length
Year
Community
Subscriptions
Recent Discussions
Orange Saloon
Badges
Playlists
Quests
Create
Leaderboards
Showdown
Live 5
Trivia Bingo
Activity
Puzzle Library
Sporcle Events
Private Events
Virtual Trivia
Globe League
Become a Host
Pub Owners
SporcleCon
Opinionation
Our Games
Videos
Blog
Mobile Apps
Partnerships
Remove Ads and Go Orange
Feedback
Music
Pop Music
The Beatles
Song
Album
Lyrics
Bands
Singers
Artist
Clip
Rock
Rap
Classical
Billboard
Country Music
Kpop
Taylor Swift
Music
Pop Music
The Beatles
Song
Album
Lyrics
Bands
Singers
Artist
Clip
Rock
Rap
Classical
Billboard
Country Music
Kpop
Taylor Swift
Random Quiz
Search Sporcle
×
Quiz Lab
Quiz Lab
Music
Bands
Type in answers that appear in a list
Type in answers that appear in a list
Classic
Best Score? Go Orange.
Big Four Thrash Metal Albums Stats
Can you name the all the studio albums from Metallica, Megadeth, Anthrax, and Slayer?
By
Conchubhar
8m
41 Questions
4,297 Plays
4,297 Plays
4,297 Plays
Comments
Comments
Give Quiz Kudos
Give Quiz Kudos
-
- Ratings
hide this ad
More Info
Replay
Link that replays current quiz
Next Quiz
Link to next quiz in quiz playlist
You Got
0%
They Got
Avg Score
61%
Avg Friend Score
Upgrade to see
Score Distribution
Jump to the score distribution portion of the page
Score
0/41
Timer
08:00
0
Plays Today
Band
Album
% Correct
Metallica
Kill 'Em All
96.2%
Metallica
Master of Puppets
96%
Metallica
Ride the Lightning
95.7%
Metallica
Metallica
94.6%
Metallica
...And Justice for All
94.3%
Metallica
Load
93.1%
Metallica
ReLoad
93.1%
Metallica
St. Anger
91.5%
Metallica
Death Magnetic
90.9%
Megadeth
Rust in Peace
82.7%
Slayer
Reign in Blood
82%
Megadeth
Peace Sells...but Who's Buying?
81.4%
Megadeth
Countdown to Extinction
69.8%
Slayer
South of Heaven
68.3%
Megadeth
So Far, So Good...So What!
68%
Megadeth
Youthanasia
66.8%
Slayer
Seasons in the Abyss
65.8%
Anthrax
Among the Living
63%
Megadeth
Risk
61.9%
Slayer
God Hates Us All
59.8%
Megadeth
Endgame
58.4%
Band
Album
% Correct
Slayer
Hell Awaits
57.6%
Megadeth
Cryptic Writings
55%
Slayer
Show No Mercy
54.5%
Slayer
World Painted Blood
52.5%
Megadeth
United Abominations
50.5%
Megadeth
The System Has Failed
50.1%
Anthrax
Spreading the Disease
48.8%
Megadeth
The World Needs a Hero
48.4%
Slayer
Christ Illusion
47.9%
Anthrax
Fistful of Metal
47.8%
Anthrax
Persistence of Time
39.2%
Megadeth
Killing Is My Business...and Business Is Good!
38.9%
Slayer
Divine Intervention
37%
Slayer
Diabolus in Musica
36.8%
Anthrax
State of Euphoria
36.7%
Anthrax
Sound of White Noise
31.9%
Anthrax
Stomp 442
28%
Slayer
Undisputed Attitude
27.7%
Anthrax
We've Come for You All
25.5%
Anthrax
Volume 8: The Threat is Real
19.1%
Quiz Playlist
Details
Report
Send in Message
Add To Playlist
More Info:
Note this is only STUDIO albums. No live or compilations.
Classic:
Type in answers that appear in a list
Last Updated: Feb 16, 2017
Quiz Scoreboard
CHALLENGE
Sign Up to Join the Scoreboard
Show All
Scores
Hide
Comments
May contain spoilers
Recently Published
Pick 6: Fruits
by JohnFran
Miscellaneous
15s
Click the 1999 NBA Draft
by nibperrychub
Sports
2m
Alphabetical 'K' Countries by Flag Minefield
by ylime102
Geography
3m
More to Explore
Quiz From the Vault
Featured Blog Post
15 Basketball Trivia Facts You Can Be March Mad About
hide this ad
You Might Also Like...
Tags
Album Quiz
Bands Quiz
Anthrax
four
Megadeth
metal
metallica
Slayer
thrash
Today's Top Quizzes in Music
Browse Music
hide this ad
Today's Top Quizzes in Bands
Browse Bands
Top Contributed Quizzes in Music
1
Taylor Swift All Songs (2024)
2
A Taylor Swift Logic Puzzle
3
KPOP LOGIC QUIZ
4
Taylor Swift Logic Puzzle
5
NCT 2020 Logic Puzzle
6
Guess the Taylor Swift song (Mystery Song)
7
Joni Mitchell—'Car on a Hill' Lyrics
8
Guess The Taylor Swift Lyrics Song #1
9
Lana Del Rey songs - match the song with the album
10
kpop group name match up
Explore More
Trending Topics
Harry Potter
Marvel
Anime
NBA
Kpop
Disney
Crossword
Puzzle
Country
NFL
Song
Pokémon
WWE
Soccer
The Office
hide this ad
More By:
Conchubhar
Quiz
Plays
Rating
Category
Featured
Created
Big Four Thrash Metal Albums
4,297
3.76
Music
Jun 5, 2010
Go to Creator's Profile
Score Distribution
Quiz Creator Spotlight
Conchubhar
Follow
Send a Message
Quizzes Created
-
Created Quiz Play Count
-
More By This Creator
Popular Quizzes Today
1
Find the US States - No Outlines Minefield
2
Countries of Asia Without Outlines Minefield
3
Pick 6: Fruits
4
The Countries of the World
5
Alphabetical 'K' Countries by Flag Minefield
6
Click the 1999 NBA Draft
7
Find the US States
8
Match the Book to the Film X
More Music Quizzes
Mystery 70's Song VII
Quiz Lab
Trending Quizzes
Pick 6: Harry Potter
Pick 6: Mountains
Pick 6: NFL Teams
Pick 6: Movie Franchises
Pick 6: Golfers
Recently Updated
Women's Final Four Teams by Year
bhenderson79
Presidents Quartet II
eogle
Anything But Clue(do)
eogle
Anything But Oceanian Capitals
eogle
Anything But 7
eogle
Anything But Thing
eogle
Word Ladder: February 29
pecheneg
Song Title Questions
pecheneg
Women's NCAA Tournament #1 Seeds
pecheneg
Celebrity Mug Shots
pecheneg
Trending Topics
Harry Potter
Marvel
Kpop
Anime
Disney
Crossword
NBA
The Office
NFL
Country
Song
Puzzle
Pokémon
WWE
Soccer
Your Account Isn't Verified!
In order to create a playlist on Sporcle, you need to verify the email address you used during registration. Go to your
Sporcle Settings
to finish the process.
Report this User
Report this user for behavior that violates our
Community Guidelines
.
Details:
Send Report
Go to the Sporcle.com Mobile Site →
Comments